000 00896nam a22001817a 4500
999 _c69366
_d69366
005 20210325211635.0
008 s2555 th ||||| |||| 00| 0 tha d
040 _aNALT
050 _aTX 911
_bพ877ก 2555
100 0 _aเพชรรัตน์ วิริยะสืบพงศ์
_944952
245 1 0 _aการวิจัยและพัฒนาการขยายโอกาสอุตสาหกรรมโรงแรมไทย /
_cเพชรรัตน์ วิริยะสืบพงศ์.
260 _aชลบุรี :
_bมหาวิทยาลัยบูรพา,
_c2555.
300 _a97 หน้า :
_bตาราง ;
_c29 ซม.
650 4 _aอุตสาหกรรมโรงแรม
_944953
_zไทย
850 _aNALT
942 _cRSH
_2lcc